Quantum mechanics / (Record no. 38668)

MARC details
000 -LEADER
fixed length control field 00806nam a22002417a 4500
005 - DATE AND TIME OF LATEST TRANSACTION
control field 20100802141849.0
010 ## - LCCN (DPL NO)
LC control number ENG-97283
020 ## - INTERNATIONAL STANDARD BOOK NUMBER
International Standard Book Number 9788173716249
Terms of availability 350.00
035 ## - SYSTEM CONTROL NUMBER
System control number EN-80816
037 ## - SOURCE OF ACQUISITION
Source of stock number/acquisition DBAD/PUB
082 ## - DEWEY DECIMAL CLASSIFICATION NUMBER
Classification number 530.12
100 ## - MAIN ENTRY--PERSONAL NAME
Personal name Pradhan, Trilochan
245 ## - TITLE STATEMENT
Title Quantum mechanics /
Statement of responsibility, etc by Trilochan Pradhan
260 ## - PUBLICATION, DISTRIBUTION, ETC. (IMPRINT)
Place of publication, distribution, etc Hydrabad
Name of publisher, distributor, etc Universities Press
Date of publication, distribution, etc 2008
270 ## - ADDRESS
Address 3-6-747/1/A & 3-6-754/1,Himayat nagar
City Hydrabad
Postal code 110002
300 ## - PHYSICAL DESCRIPTION
Extent ix,240p.
Dimensions 23 cm(pbk)
500 ## - GENERAL NOTE
General note Includes indexes.
700 ## - ADDED ENTRY--PERSONAL NAME
9 (RLIN) 3949
700 ## - ADDED ENTRY--PERSONAL NAME
9 (RLIN) 4010
700 ## - ADDED ENTRY--PERSONAL NAME
Personal name Sharma, M.K
9 (RLIN) 3968
942 ## - ADDED ENTRY ELEMENTS (KOHA)
Source of classification or shelving scheme Dewey Decimal Classification
Item type English Books
Classification part 530.12
Call number suffix PRA
Holdings
Withdrawn status Lost status Not for loan Collection code Home library Current library Date acquired Source of acquisition Cost, normal purchase price Full call number Barcode Copy number Cost, replacement price Koha item type
    Not For Loan Non-fiction D.B.Act.Division D.B.Act.Division 02/08/2010 DBAD/PUB 350.00 530.12 PRA EN-80816 1 350.00 English Books

© Delhi Public Library
Hit Counter
free hit counter